Los Paises Bajos / (Record no. 186435)

MARC details
000 -LEADER
campo de control de longitud fija 00469nam a2200145 i 4500
001 - NÚMERO DE CONTROL
campo de control 186435
003 - IDENTIFICADOR DE NÚMERO DE CONTROL
campo de control ES-MaACL
005 - FECHA Y HORA DE LA ÚLTIMA TRANSACCIÓN
campo de control 20230906222653.0
008 - DATOS DE LONGITUD FIJA--INFORMACIÓN GENERAL
campo de control de longitud fija 161114q19101930ne |||| | spa d
245 04 - MENCIÓN DEL TÍTULO
Título Los Paises Bajos /
Mención de responsabilidad, etc. [edición de la Sociedad para la Propaganda Holandesa].
260 ## - PUBLICACIÓN, DISTRIBUCIÓN, ETC.
Lugar de publicación, distribución, etc. Dordrech :
Nombre del editor, distribuidor, etc. [s.n.,
Fecha de publicación, distribución, etc. 19-?] (
Fabricante Imp. Geuze)
300 ## - DESCRIPCIÓN FÍSICA
Extensión 39 p., [1] h. lám. :
Otras características físicas il. ;
Dimensiones 19 cm.
651 #4 - PUNTO DE ACCESO ADICIONAL DE MATERIA--NOMBRE GEOGRÁFICO
Nombre geográfico Holanda-
Subdivisión general Descripción.
9 (RLIN) 161224
852 ## - LOCALIZACIÓN
Ubicación ES-MaACL
Número de control de estantería 1585-F-2
Holdings
Estatus retirado Estado de pérdida Estado de daño No para préstamo Colección Biblioteca de origen Biblioteca actual Ubicación en estantería Fecha de adquisición Fuente de adquisición Total de préstamos Signatura topográfica completa Código de barras Visto por última vez Precio de reemplazo Tipo de ítem Koha
        Colección de folletos Biblioteca del Ateneo de Madrid Biblioteca del Ateneo de Madrid Depósito folletos 14/11/2016     1585-F-2 1196600 23/02/2023 23/02/2023 Folleto